Příběhy o kronopech a fámech / Julio Cortázar ; přeložila Lada Hazaiová
Record details
- ISBN: 80-204-1136-4
- Physical Description: 144 s. ; 20 cm
- Edition: 1. vyd.
- Publisher: Praha : Mladá fronta, 2004
Content descriptions
| General Note: | Přeloženo ze španělštiny |
Search for related items by subject
| Genre: | argentinské prózy Argentine prose |
Search for related items by series
Available copies
- 1 of 1 copy available at Common Catalog SPOK.
Holds
- 0 current holds with 1 total copy.
Show Only Available Copies
| Location | Call Number / Copy Notes | Barcode | Shelving Location | Status | Due Date |
|---|---|---|---|---|---|
| Varianty | Cho Co | 4605400211 | Šafaříkova 17 - 5. patro, chodba | Available | - |
Electronic resources
Version of Resource: Digitalizovaný dokument
| LDR | 01292nam a2200373 a 4500 | ||
|---|---|---|---|
| 001 | 31506 | ||
| 003 | CZ-PrJAB | ||
| 005 | 20190407103520.0 | ||
| 007 | ta | ||
| 008 | 041129s2004 xr e 000 j cze | ||
| 015 | . | ‡acnb001415783 | |
| 020 | . | ‡a80-204-1136-4 ‡q(váz.) | |
| 035 | . | ‡a(CZ PrNK)cpk20041415783 | |
| 035 | . | ‡a(OCoLC)85118805 | |
| 040 | . | ‡aABA001 ‡bcze | |
| 041 | 1 | . | ‡acze ‡hspa |
| 072 | 7. | ‡a821.134.2-3 ‡xŠpanělská próza, španělsky psaná ‡2Konspekt ‡925 | |
| 080 | . | ‡a821.134.2(82)-3 ‡2MRF | |
| 080 | . | ‡a(0:82-3) ‡2MRF | |
| 100 | 1 | . | ‡aCortázar, Julio, ‡d1914-1984 ‡7jn19990210149 ‡4aut |
| 245 | 1 | 0. | ‡aPříběhy o kronopech a fámech / ‡cJulio Cortázar ; přeložila Lada Hazaiová |
| 250 | . | ‡a1. vyd. | |
| 260 | . | ‡aPraha : ‡bMladá fronta, ‡c2004 | |
| 300 | . | ‡a144 s. ; ‡c20 cm | |
| 490 | 1 | . | ‡aPovídky ; ‡vsv. 6 |
| 500 | . | ‡aPřeloženo ze španělštiny | |
| 655 | 7. | ‡aargentinské prózy ‡7fd184308 ‡2czenas | |
| 655 | 9. | ‡aArgentine prose ‡2eczenas | |
| 700 | 1 | . | ‡aHazaiová, Lada, ‡d1978- ‡7mzk2006368280 ‡4trl |
| 765 | 0 | . | ‡tHistorias de cronopios y de famas ‡9Česky |
| 830 | 0. | ‡aPovídky (Mladá fronta) | |
| 856 | 4 | 1. | ‡uhttp://kramerius4.nkp.cz/search/handle/uuid:bb6eda60-eebe-11e6-bc0e-005056827e51 ‡yDigitalizovaný dokument |
| 910 | . | ‡aABH006 | |
| 901 | . | ‡a31506 ‡b ‡c31506 ‡tbiblio | |